| LEADER | 01088nam a2200181 4500 | ||
|---|---|---|---|
| 082 | |a 607.1 |b C455ngh | ||
| 100 | |a Nguyễn Văn Khôi, Nguyễn Văn Ánh, Nguyễn Trọng Bình,... | ||
| 245 | |a Công nghệ 11: |c Nguyễn Văn Khôi, Nguyễn Văn Ánh, Nguyễn Trọng Bình,... |b Công nghệ: Sách giáo viên | ||
| 260 | |a H.: |b Giáo dục, |c 2007 | ||
| 300 | |a 128tr.; |c 24cm. | ||
| 520 | |a v.v... | ||
| 653 | |a Công nghệ | ||
| 942 | |2 ddc |c SH | ||
| 999 | |c 12236 |d 12236 | ||
| 952 | |0 0 |1 0 |2 ddc |4 0 |6 607_100000000000000_C455NGH |7 0 |8 600 |9 104834 |a qbu |b qbu |c D3 |d 2015-12-18 |g 5100 |o 607.1 C455ngh |p 11668.c1 |r 0000-00-00 |w 2015-12-18 |y SH | ||
| 952 | |0 0 |1 0 |2 ddc |4 0 |6 607_100000000000000_C455NGH |7 0 |8 600 |9 104835 |a qbu |b qbu |c D3 |d 2015-12-18 |g 5100 |o 607.1 C455ngh |p 11668.c2 |r 0000-00-00 |w 2015-12-18 |y SH | ||
| 952 | |0 0 |1 0 |2 ddc |4 0 |6 607_100000000000000_C455NGH |7 0 |8 600 |9 104836 |a qbu |b qbu |c D3 |d 2015-12-18 |g 5100 |o 607.1 C455ngh |p 11668.c3 |r 0000-00-00 |w 2015-12-18 |y SH | ||
| 952 | |0 0 |1 0 |2 ddc |4 0 |6 607_100000000000000_C455NGH |7 0 |8 600 |9 104837 |a qbu |b qbu |c D3 |d 2015-12-18 |g 5100 |o 607.1 C455ngh |p 11668.c4 |r 0000-00-00 |w 2015-12-18 |y SH | ||